000 00417nam a22001457a 4500
082 _aT-226
100 _aAshfaq naseem malik
_951286
245 _aSurviving disasters : making resilient communities through community radios
260 _aRisalpur,
_bMCE,
_c2017.
300 _a70p.
526 _a0
_b0
_c0
_dT_226
650 _aDisaster Managment
_951287
700 _aDr Maqbool sadiq Awan
_951288
942 _2ddc
_cBK
999 _c554016
_d554016